[Event "Montreal Vendredi 12"]
[Site "Montreal"]
[Date "2017.12.08"]
[Round "2"]
[White "Tsukerman, Julia"]
[Black "Gauthier, Luc"]
[Result "0-1"]
[WhiteElo "1603"]
[BlackElo "1666"]
[PlyCount "102"]
[EventDate "2017.12.01"]
[EventType "tourn"]
[EventRounds "3"]
[EventCountry "CAN"]
[SourceTitle "EXT 2022"]
[Source "ChessBase"]
[SourceDate "2021.10.06"]
[SourceVersion "1"]
[SourceVersionDate "2021.10.06"]
[SourceQuality "1"]

1. e4 Nf6 2. e5 Nd5 3. c4 Nb6 4. d4 d6 5. exd6 exd6 6. Nc3 Nc6 7. h3 Bf5 8. a3 a5 9. Nf3 Be7 10. Be2 Bf6 11. 0-0 0-0 12. Bf4 h6 13. g4 Bh7 14. Rc1 Ne7 15. b3 Ng6 16. Bg3 Nh4 17. Re1 Re8 18. Qd2 a4 19. Nxh4 Bxh4 20. b4 Bg5 21. f4 Bh4 22. Bxh4 Qxh4 23. Kg2 c6 24. Bf1 Nd7 25. Qf2 Qxf2+ 26. Kxf2 Nf6 27. c5 d5 28. b5 Ne4+ 29. Kg1 Nxc3 30. Rxe8+ Rxe8 31. Rxc3 Re4 32. bxc6 bxc6 33. Rd3 Rxf4 34. Rd1 Rf3 35. Ra1 Bd3 36. Bg2 Rf4 37. Rd1 Be4 38. Bxe4 Rxe4 39. Rd3 g6 40. Kf2 Kf8 41. Kf3 f5 42. gxf5 gxf5 43. Kf2 Kf7 44. Kf3 Kf6 45. Kf2 h5 46. Kf3 Kg5 47. Kg3 f4+ 48. Kf3 Kh4 49. Rd1 Kg5 50. Rd3 Kf5 51. h4 Re1 0-1

[Event "Quebec op U2000"]
[Site "Ste Foy"]
[Date "2017.08.13"]
[Round "2"]
[White "Genest, Dominic"]
[Black "Gauthier, Luc"]
[Result "0-1"]
[WhiteElo "1757"]
[BlackElo "1696"]
[PlyCount "68"]
[EventDate "2017.08.12"]
[EventType "swiss"]
[EventRounds "9"]
[EventCountry "CAN"]
[SourceTitle "EXT 2022"]
[Source "ChessBase"]
[SourceDate "2021.10.06"]
[SourceVersion "1"]
[SourceVersionDate "2021.10.06"]
[SourceQuality "1"]

1. c4 f5 2. g3 Nf6 3. Nf3 e6 4. Bg2 Be7 5. Nc3 0-0 6. 0-0 d6 7. b4 e5 8. Qb3 h6 9. b5 Qe8 10. d3 Kh8 11. a4 Nbd7 12. Ba3 Qh5 13. Nh4 Nc5 14. Bxc5 dxc5 15. Bf3 Qe8 16. Kh1 g5 17. Nxf5 Bxf5 18. Bxb7 Rb8 19. Bg2 Qh5 20. f3 Bh3 21. Rf2 Bxg2+ 22. Rxg2 Bd6 23. Nd1 g4 24. Rf2 gxf3 25. exf3 Nh7 26. Kg2 Ng5 27. h4 Nxf3 28. Ne3 Nd4 29. Qd1 Rxf2+ 30. Kxf2 Rf8+ 31. Kg2 Qf7 32. Kh3 Qe6+ 33. Kg2 Rf3 34. Ra2 Rxe3 0-1

[Event "Montreal Transcontinental ABCDEF"]
[Site "Montreal"]
[Date "2017.03.31"]
[Round "1"]
[White "Kozlov, Guennadi"]
[Black "Gauthier, Luc"]
[Result "1/2-1/2"]
[WhiteElo "1730"]
[BlackElo "1702"]
[PlyCount "70"]
[EventDate "2017.03.31"]
[EventType "swiss"]
[EventRounds "5"]
[EventCountry "CAN"]
[SourceTitle "EXT 2022"]
[Source "ChessBase"]
[SourceDate "2021.10.06"]
[SourceVersion "1"]
[SourceVersionDate "2021.10.06"]
[SourceQuality "1"]

1. e4 Nf6 2. e5 Nd5 3. Nc3 Nb6 4. d4 d6 5. f4 dxe5 6. fxe5 Nc6 7. Be3 Bf5 8. Nf3 e6 9. a3 Bg4 10. Be2 Be7 11. 0-0 0-0 12. h3 Bh5 13. g4 Bg6 14. Bd3 Nd5 15. Nxd5 Qxd5 16. c4 Qd7 17. h4 Bxd3 18. Qxd3 Rfd8 19. Rad1 Nxd4 20. Qe4 Nxf3+ 21. Qxf3 Qe8 22. Qxb7 Rxd1 23. Rxd1 Rd8 24. Qf3 Rxd1+ 25. Qxd1 Qc6 26. Bxa7 Qxc4 27. Bf2 g6 28. Qd4 Qc1+ 29. Kg2 Qc6+ 30. Kh2 Qc2 31. Kg2 Bxh4 32. Kf3 Qc6+ 33. Ke2 Qc2+ 34. Kf3 Qc6+ 35. Ke2 Qc2+ 1/2-1/2

[Event "Montreal Transcontinental ABCDEFG"]
[Site "Montreal"]
[Date "2016.12.10"]
[Round "2"]
[White "Gauthier, Luc"]
[Black "Joanis, Marc Andre"]
[Result "1-0"]
[WhiteElo "1761"]
[BlackElo "1816"]
[PlyCount "105"]
[EventDate "2016.12.09"]
[EventType "swiss"]
[EventRounds "5"]
[EventCountry "CAN"]
[SourceTitle "EXT 2022"]
[Source "ChessBase"]
[SourceDate "2021.10.06"]
[SourceVersion "1"]
[SourceVersionDate "2021.10.06"]
[SourceQuality "1"]

1. e4 c6 2. d4 d5 3. f3 Qb6 4. Nc3 e6 5. Nge2 Nf6 6. a3 Be7 7. Bd2 0-0 8. Bg5 dxe4 9. Bxf6 Bxf6 10. Nxe4 Nd7 11. Rb1 Rd8 12. c3 e5 13. Nxf6+ Nxf6 14. Qc2 Nd5 15. Qe4 exd4 16. Qxd4 Bf5 17. Qxb6 axb6 18. Rd1 Ne3 19. Rxd8+ Rxd8 20. Nd4 Bg6 21. Be2 Nxg2+ 22. Kf2 Nf4 23. Rd1 Re8 24. Bf1 h6 25. Rd2 Rd8 26. Kg3 Ne6 27. Bc4 Nxd4 28. Rxd4 Rxd4 29. cxd4 Bf5 30. Kf4 Bh3 31. Ke5 Kf8 32. Kd6 g5 33. Kc7 b5 34. Be2 Ke7 35. b3 Be6 36. Bd1 Bd5 37. a4 f5 38. a5 b4 39. Kxb7 c5+ 40. Kb6 cxd4 41. Kc5 Ba8 42. Kxd4 Kd6 43. Kc4 Ke5 44. Kxb4 Kd4 45. Kb5 Kc3 46. b4 Kd2 47. Ba4 Bxf3 48. Kb6 f4 49. a6 Kc3 50. a7 Ba8 51. Bc6 f3 52. Bxa8 f2 53. Bg2 1-0